TANRI NIN SAVAŞÇILARI SELAHADDİN EYYUBİ VE KRAL RICHARD (Record no. 795297)

MARC details
000 -LEADER
sabit uzunluktaki kontrol alanı 00285nam a2200097Ia 4500
001 - KONTROL NUMARASI
kontrol alanı 795297
005 - EN SON İŞLEMİN TARİH VE ZAMANI
kontrol alanı 20250826170725.0
008 - SABİT-UZUNLUKTA VERİ ÖĞELERİ--GENEL BİLGİ
sabit uzunluktaki kontrol alanı 250824s9999 xx 000 0 und d
245 #0 - ESER / YAZAR
ESER ADI TANRI NIN SAVAŞÇILARI SELAHADDİN EYYUBİ VE KRAL RICHARD
Yazar Adı JAMES RESTON,JR.
260 ## - YAYIN, DAĞITIM, VB.
YAYIN EVİ PANAMA YAYINLARI
Holdings
Düşüm durumu Kayıp durumu Hasar Durumu Ödünç verilmez Ana kütüphane Geçerli Kütüphane Edinilen tarih Toplam ödünç verme sayısı Toplam süre uzatma sayısı Barkod Son görüntüleme tarihi Son ödünç verme tarihi Fiyatın geçerli olmaya başladığı tarih Koha materyal türü
        İSMAİL KAYA ANADOLU İMAM HATİP LİSESİ İSMAİL KAYA ANADOLU İMAM HATİP LİSESİ 24.08.2025 1 1 10504853 26.12.2025 10.12.2025 26.08.2025 Books